| 000 | 01258nam a22003373i 4500 | ||
|---|---|---|---|
| 001 | EBC29156981 | ||
| 003 | MiAaPQ | ||
| 005 | 20240318142937.0 | ||
| 007 | cr cnu|||||||| | ||
| 008 | 230727s2022 xx o ||||0 fre d | ||
| 020 |
_a9782745356734 _q(electronic bk.) |
||
| 020 | _z9782745356734 | ||
| 040 |
_aMiAaPQ _beng _cMiAaPQ |
||
| 100 | 1 |
_aStorni, Marco. _925222 _4aut _eauthor |
|
| 245 | 1 | 0 |
_aMaupertuis _ble philosophe, l'académicien, le polémiste _cMarco Storni |
| 264 | 1 |
_aParis : _bHonoré Champion, _c2022. |
|
| 264 | 4 | _c{copy}2022. | |
| 300 | _a1 online resource (307 pages) | ||
| 336 |
_aText _btxt _2rdacontent |
||
| 337 |
_aComputermedien _bc _2rdamedia |
||
| 338 |
_aOnline Resource _bcr _2rdacarrier |
||
| 490 | 0 |
_aLes dix-huitièmes siècles ; _vv215 |
|
| 500 | _aE-Book-ProQuest / Fernzugriff nach Registrierung möglich | ||
| 502 |
_bDissertation L'École Normale Supérieure de Paris _d2018 |
||
| 600 | 1 |
_2gnd _aMaupertuis, Pierre Louis Moreau de _912226 |
|
| 655 | 4 | _aHochschulschrift | |
| 655 |
_aFernzugriff _9230 |
||
| 830 | 0 |
_aLes Dix-Huitièmes Siècles Ser. _925223 |
|
| 856 | 4 | 0 |
_uhttps://ebookcentral.proquest.com/lib/maxweberstiftung-ebooks/detail.action?docID=29156981 _zVolltext |
| 942 |
_cEB _2z |
||
| 999 |
_c62878 _d62878 |
||